| 000 | 00475nam a22001697a 4500 | ||
|---|---|---|---|
| 003 | BD-DhUIB | ||
| 005 | 20251023170459.0 | ||
| 008 | 251023b |||||||| |||| 00| 0 eng d | ||
| 040 |
_aBD-DhUIB _cBD-DhUIB |
||
| 050 | _a658.403 | ||
| 082 | _222 | ||
| 100 |
_aHillien, Fredirick. _91037 |
||
| 245 |
_aIntroduction to management science: _ba modeling and case studies approach with spreadsheets/ _cby Fredirick, Hillien. |
||
| 250 | _a3rd | ||
| 526 | _aBBA. | ||
| 942 |
_2ddc _cBK |
||
| 999 |
_c594 _d594 |
||